[Event "4th Paleohora Open"]
[Site "Paleochora GRE"]
[Date "2011.07.25"]
[Round "7"]
[White "Ashwin,J"]
[Black "Rychagov,A"]
[Result "1/2-1/2"]
[WhiteElo "2449"]
[BlackElo "2560"]

1.d4 d5 2.c4 e6 3.Nf3 Nf6 4.g3 Be7 5.Bg2 O-O 6.O-O dxc4 7.Qc2 a6 8.a4 Bd7
9.Qxc4 Bc6 10.Bf4 a5 11.Nc3 Na6 12.Rac1 Nb4 13.Ne5 Bxg2 14.Kxg2 Nbd5 15.Nxd5 Nxd5
16.Bd2 c6 17.e4 Nb6 18.Qd3 Bf6 19.Nf3 Nxa4 20.Qa3 Nb6 21.Bxa5 Ra6 22.Qc3 Qa8
23.Bb4 Rc8 24.Qb3 Nd7 25.Rfd1 h6 26.Bd6 Rb6 27.Qc4 Qa6 28.b3 Ra8 29.Rb1 Rb5
30.h4 Bd8 31.Ne5 Nf6 32.Qd3 Ra5 33.Qf3 Ra2 34.Rd3 Ra1 35.Rxa1 Qxa1 36.Rd1 Qb2
37.g4 Ra2 38.g5 hxg5 39.hxg5 Qxf2+ 40.Qxf2 Rxf2+ 41.Kxf2 Nxe4+ 42.Kf3 Nxd6
43.g6 fxg6 44.Nxg6 Bf6 45.Nf4 Kf7 46.Re1 Bxd4 47.Nxe6 Bf6 48.Nc5 Nb5 49.Nxb7  1/2-1/2

[Event "Open NK"]
[Site "Dieren NED"]
[Date "2011.07.26"]
[Round "7"]
[White "Goudriaan,E"]
[Black "Kollen,Z"]
[Result "1-0"]
[WhiteElo "2283"]
[BlackElo "2118"]

1.d4 Nf6 2.c4 e6 3.g3 d5 4.Bg2 Be7 5.Nf3 O-O 6.O-O c6 7.Qc2 b5 8.b3 bxc4
9.bxc4 Ba6 10.c5 Ne4 11.Re1 Nd7 12.Nfd2 Nxd2 13.Nxd2 e5 14.dxe5 Nxe5 15.Bb2 Bf6
16.Nb3 Re8 17.Rad1 Nc4 18.Bxf6 Qxf6 19.e4 dxe4 20.Rxe4 Na3 21.Qd2 Nb5 22.Rxe8+ Rxe8
23.Qd7 Rc8 24.Bxc6 Nc3 25.Rd6 Ne2+ 26.Kg2 Nf4+ 27.gxf4 Qh4 28.Bd5  1-0

[Event "Open NK"]
[Site "Dieren NED"]
[Date "2011.07.26"]
[Round "7"]
[White "Arnaudov,G"]
[Black "Van der Linden,L"]
[Result "1-0"]
[WhiteElo "2439"]
[BlackElo "2275"]

1.d4 Nf6 2.c4 e6 3.g3 d5 4.Bg2 Be7 5.Nf3 O-O 6.O-O dxc4 7.Qc2 a6 8.a4 Bd7
9.Rd1 Bc6 10.Nc3 Nbd7 11.e4 b5 12.d5 exd5 13.e5 Ne8 14.Nxd5 Bxd5 15.Rxd5 c6
16.Rd1 Qc7 17.Bf4 Nc5 18.axb5 cxb5 19.e6 Nd6 20.exf7+ Rxf7 21.Ng5 Bxg5 22.Bxd6 Qa7
23.Bxc5 Qxc5 24.Bxa8 Rxf2 25.Qxf2  1-0

[Event "Sparkassen Open A"]
[Site "Dortmund GER"]
[Date "2011.07.26"]
[Round "4.13"]
[White "Sundorf,Jannik"]
[Black "Conrad,J"]
[Result "1-0"]
[WhiteElo "2121"]
[BlackElo "2079"]

1.d4 d5 2.c4 e6 3.Nf3 Be7 4.g3 Nf6 5.Bg2 O-O 6.O-O dxc4 7.Qc2 c6 8.Qxc4 a5
9.Rd1 Qb6 10.Nc3 Qa6 11.Ne5 Nbd7 12.Qxa6 Rxa6 13.Nd3 Nd5 14.e4 N5b6 15.Bf4 a4
16.b3 axb3 17.axb3 Rxa1 18.Rxa1 c5 19.dxc5 Nxc5 20.Nxc5 Bxc5 21.Rd1 Bd7 22.Bd6 Rc8
23.Bxc5 Rxc5 24.Na4  1-0

[Event "ch-AUT"]
[Site "Linz AUT"]
[Date "2011.07.26"]
[Round "4"]
[White "Stadler,P"]
[Black "Sandhoefner,F"]
[Result "0-1"]
[WhiteElo "2169"]
[BlackElo "2270"]

1.d4 Nf6 2.Nf3 e6 3.c4 d5 4.g3 Be7 5.Bg2 O-O 6.O-O dxc4 7.Qc2 a6 8.a4 Bd7
9.Nbd2 Bc6 10.Nxc4 Be4 11.Qd2 Nc6 12.Nce5 Nxe5 13.Nxe5 Bxg2 14.Kxg2 c5 15.dxc5 Bxc5
16.Nf3 Qb6 17.Qf4 Rad8 18.Bd2 e5 19.Nxe5 Rd4 20.e4 Rxe4 21.Qf5 g6  0-1

[Event "COQ Invitational"]
[Site "Montreal CAN"]
[Date "2011.07.26"]
[Round "5"]
[White "Leveille,F"]
[Black "Gerzhoy,L"]
[Result "0-1"]
[WhiteElo "2290"]
[BlackElo "2483"]

1.Nf3 d5 2.d4 Nf6 3.c4 e6 4.g3 Be7 5.Bg2 O-O 6.O-O dxc4 7.Qc2 a6 8.Qxc4 b5
9.Qc2 Bb7 10.Bf4 Nc6 11.Rd1 Nb4 12.Qc1 Rc8 13.Nc3 Nbd5 14.Nxd5 Bxd5 15.Be3 c6
16.Nd2 Bxg2 17.Kxg2 Nd5 18.Nb3 f5 19.Bf4 Qb6 20.Nc5 Bxc5 21.dxc5 Qb7 22.Bd6 Rf6
23.Be5 Rg6 24.Rd4 Rf8 25.e3 Rg4 26.f4 h5 27.Qd2 h4 28.Re1 Qf7 29.e4 fxe4
30.Rdxe4 hxg3 31.hxg3 Ne7 32.Bd4 Nf5 33.Bf2 e5 34.fxe5 Nh4+ 35.Kf1 Nf3 36.Qc2 Nxe1
37.Rxe1 Rxg3  0-1

[Event "Czech GM Open A"]
[Site "Pardubice CZE"]
[Date "2011.07.26"]
[Round "5.20"]
[White "Haba,P"]
[Black "Rojicek,V"]
[Result "1/2-1/2"]
[WhiteElo "2504"]
[BlackElo "2396"]

1.d4 d5 2.c4 e6 3.Nf3 Nf6 4.g3 Be7 5.Bg2 O-O 6.O-O c6 7.Qc2 Nbd7 8.Nbd2 b6
9.e4 Ba6 10.Re1 Rc8 11.e5 Ne8 12.cxd5 cxd5 13.Qb1 Qc7 14.b4 Qc2 15.b5 Qxb1
16.Rxb1 Bb7 17.Re3 Nc7 18.a4 a5 19.Ba3 Bxa3 20.Rxa3 f6 21.Rc3 Na8 22.Rbc1 Rxc3
23.Rxc3 Re8 24.Rc8 Rxc8 25.Bf1  1/2-1/2

[Event "Biel MTO Open"]
[Site "Biel SUI"]
[Date "2011.07.27"]
[Round "9"]
[White "Gharamian,T"]
[Black "Brkic,A"]
[Result "1/2-1/2"]
[WhiteElo "2670"]
[BlackElo "2598"]

1.d4 Nf6 2.c4 e6 3.g3 d5 4.Nf3 Be7 5.Bg2 O-O 6.O-O dxc4 7.Qc2 b5 8.a4 b4
9.Nbd2 Bb7 10.Nxc4 Be4 11.Qb3 Nc6 12.Be3 Bd5 13.Qd3 Be4 14.Qd1 b3 15.Qxb3 Nd5
16.Qd1 Nxe3 17.fxe3 Nb4 18.Rc1 Na2 19.Ra1 Nb4 20.Rc1 Na2 21.Ra1  1/2-1/2

[Event "Biel MTO Open"]
[Site "Biel SUI"]
[Date "2011.07.27"]
[Round "9"]
[White "Ulibin,M"]
[Black "Arnold,Mar"]
[Result "1-0"]
[WhiteElo "2538"]
[BlackElo "2445"]

1.d4 Nf6 2.c4 e6 3.g3 d5 4.Bg2 Be7 5.Nf3 O-O 6.O-O dxc4 7.Nc3 Nc6 8.e3 Nd5
9.Qe2 Nb6 10.Rd1 Bd7 11.e4 Qe8 12.h4 Nb4 13.Ne5 c5 14.Be3 cxd4 15.Bxd4 Nc6
16.Nxc6 Bxc6 17.Qg4 g6 18.h5 Nd7 19.hxg6 hxg6 20.e5 Kg7 21.Bxc6 bxc6 22.Ne4 Rh8
23.Kg2 c5 24.Bc3 Nb6 25.Qf3 Qc6 26.Rh1 Rxh1 27.Rxh1 Rd8 28.Qf4 Rh8 29.Rxh8 Kxh8
30.f3 Kg8 31.Nd6 Bxd6 32.exd6 Nd7 33.Qh4 f6 34.Bxf6 Nxf6 35.Qxf6 Qxd6 36.Qxg6+ Kf8
37.Qf6+ Ke8 38.g4 Qd2+ 39.Kh3 Kd7 40.g5 Qd4 41.Qf7+ Kd6 42.g6 Qh8+ 43.Kg3 Qh5
44.Qf4+ Ke7 45.Qh4+  1-0

[Event "Czech GM Open A"]
[Site "Pardubice CZE"]
[Date "2011.07.27"]
[Round "6.75"]
[White "Caletka,R"]
[Black "Aliev,Ras"]
[Result "1-0"]
[WhiteElo "2357"]
[BlackElo "2211"]

1.d4 d5 2.c4 e6 3.Nf3 Nf6 4.g3 Be7 5.Bg2 O-O 6.O-O Nbd7 7.Qc2 c6 8.Nbd2 b6
9.e4 dxe4 10.Nxe4 Nxe4 11.Qxe4 Bb7 12.Rd1 Qc7 13.Bf4 Bd6 14.Bxd6 Qxd6 15.Ne5 Rac8
16.c5 Qe7 17.Rac1 Rfd8 18.b4 Nf6 19.Qf3 b5 20.a4 a6 21.axb5 axb5 22.Ra1 Nd5
23.Qb3 f6 24.Ng4 Ra8 25.Ne3 Rxa1 26.Rxa1 Ra8 27.Rxa8+ Bxa8 28.Qa2 Bb7 29.Qa3 Bc8
30.Qa8 Qe8 31.Qa5 Bd7 32.Bf3 Qe7 33.Kg2 Be8 34.h4 h6 35.Be4 Bh5 36.Qa8+ Be8
37.Qa3 Kf7 38.Bb1 Kf8 39.Nxd5 exd5 40.Qe3 Bh5 41.Bf5 Bf7 42.Qf4 Be8 43.Qb8 Qf7
44.Kf3 g6 45.Bd3 Kg7 46.h5 gxh5 47.Qd6 Bd7 48.Kf4 Qe6 49.Qxe6 Bxe6 50.Bf5 Kf7
51.f3 Ke7 52.Bg6 h4 53.gxh4 Bh3 54.Bf5 Bf1 55.Kg4 Be2 56.Kh5 Bxf3+ 57.Kxh6 Kf7
58.Bd7 Be4 59.Bxc6 f5 60.Kg5  1-0

[Event "Helmut-Kohls-Turnier 2011"]
[Site "Dortmund GER"]
[Date "2011.07.28"]
[Round "6"]
[White "Bluebaum,M"]
[Black "Michalczak,T"]
[Result "1-0"]
[WhiteElo "2329"]
[BlackElo "2325"]

1.d4 d5 2.c4 e6 3.Nf3 Nf6 4.g3 Be7 5.Bg2 O-O 6.O-O dxc4 7.Qa4 a6 8.Qxc4 b5
9.Qc2 Bb7 10.Bd2 Be4 11.Qc1 Bb7 12.Rd1 Qc8 13.Bf4 c5 14.dxc5 Qxc5 15.Qxc5 Bxc5
16.Nbd2 Nbd7 17.Nb3 Be7 18.Ne5 Nxe5 19.Bxb7 Ra7 20.Na5 Nc4 21.Nxc4 Rxb7 22.Na5 Rd7
23.Rxd7 Nxd7 24.Rd1 Nb6 25.Bd6 Nc8 26.Bxe7 Nxe7 27.Rd7 Ng6 28.Ra7 Rc8 29.Rxa6 Rc2
30.Nc6 h5 31.b3 h4 32.Ra8+ Kh7 33.Nd4 Rb2 34.Kg2 e5 35.Nxb5 Rxe2 36.Nc3 h3+
37.Kxh3 Rxf2 38.Ne4 Rf1 39.Kg2 Rf5 40.Re8 Rh5 41.h4 f5 42.Ng5+ Kh6 43.Re6 f4
44.a4 fxg3 45.Kxg3 e4 46.Rxe4  1-0

[Event "98th ch-GBR"]
[Site "Sheffield ENG"]
[Date "2011.07.28"]
[Round "4.16"]
[White "Foo,William J"]
[Black "Griffiths,R"]
[Result "0-1"]
[WhiteElo "1893"]
[BlackElo "2301"]

1.d4 Nf6 2.c4 e6 3.g3 d5 4.Nf3 Be7 5.Bg2 O-O 6.O-O dxc4 7.Qc2 b5 8.Ne5 Qxd4
9.Bxa8 Qxe5 10.Bf3 Nd5 11.Bd2 Nc6 12.Bc3 Nd4 13.Bxd4 Qxd4 14.Nc3 c6 15.Rad1 Qb6
16.a3 a5 17.Ne4 Ba6 18.Nd2 Bf6 19.Ne4 Be5 20.Ng5 g6 21.Kg2 b4 22.h4 b3 23.Qe4 Bxb2
24.h5 Bg7 25.Nxh7 Nc3 26.Qg4 Nxd1 27.Nxf8 Qxf2+ 28.Rxf2 Ne3+ 29.Kh2 Nxg4+
30.Bxg4 b2 31.Rf1 Bxf8 32.Bf3 f5 33.Bxc6 c3  0-1

[Event "Open Women ch-BUL"]
[Site "Vratsa BUL"]
[Date "2011.07.29"]
[Round "7"]
[White "Dragomirescu,An"]
[Black "Nikolova,A"]
[Result "1/2-1/2"]
[WhiteElo "2190"]
[BlackElo "2305"]

1.d4 Nf6 2.c4 e6 3.g3 d5 4.Nf3 Be7 5.Bg2 O-O 6.O-O dxc4 7.Qc2 a6 8.Qxc4 b5
9.Qc2 Bb7 10.Bf4 Bd6 11.Nbd2 Nc6 12.Nb3 Nb4 13.Qc1 Bd5 14.Nfd2 Bxg2 15.Kxg2 Bxf4
16.gxf4 Qd5+ 17.Nf3 Rfc8 18.Qc5 Qd6 19.a3 Nbd5 20.e3 Nd7 21.Qxd6 cxd6 22.Rfc1 N7b6
23.Rxc8+ Rxc8 24.Rc1 Rxc1 25.Nxc1 Nc4 26.Nd3 Kf8 27.Kf1 Ke7 28.Ke2 f5 29.Nd2 Nxd2
30.Kxd2 Kd7 31.Kc2  1/2-1/2

[Event "Politiken Cup"]
[Site "Helsingor DEN"]
[Date "2011.07.30"]
[Round "1.32"]
[White "Jepson,C"]
[Black "Rydstrom,Tom"]
[Result "1-0"]
[WhiteElo "2405"]
[BlackElo "1905"]

1.c4 e6 2.Nf3 Nf6 3.d4 d5 4.g3 Be7 5.Bg2 O-O 6.O-O Nbd7 7.Qc2 c5 8.cxd5 Nxd5
9.Nc3 Nb4 10.Qd1 Nf6 11.a3 Nc6 12.dxc5 Qxd1 13.Rxd1 Bxc5 14.b4 Bb6 15.Na4 Bc7
16.Bb2 Rd8 17.Rac1 Bd6 18.Ne5 Nxe5 19.Bxe5 Be7 20.Rxd8+ Bxd8 21.Nc5 Bb6 22.Bxf6 Bxc5
23.bxc5 gxf6 24.Rd1 Kf8 25.Rd8+ Ke7 26.Rh8 Rb8 27.h4 b6 28.cxb6 axb6 29.g4 b5
30.Kh2  1-0

[Event "Czech GM Open A"]
[Site "Pardubice CZE"]
[Date "2011.07.30"]
[Round "9.30"]
[White "Smith,Ax"]
[Black "Oparin,G"]
[Result "1/2-1/2"]
[WhiteElo "2465"]
[BlackElo "2356"]

1.c4 e6 2.g3 Nf6 3.Bg2 d5 4.Nf3 Be7 5.d4 O-O 6.O-O c6 7.Qc2 b6 8.b3 Bb7 9.Rd1 Nbd7
10.Nc3 Rc8 11.e4 dxe4 12.Ng5 c5 13.dxc5 bxc5 14.Ncxe4 Nxe4 15.Bxe4 Bxg5 16.Bxg5 Bxe4
17.Qxe4 Qc7 18.Rd2 Rfe8 19.Rad1 Nf8 20.Bf4 e5 21.Be3 Re6 22.Rd5 Qe7 23.f3 h5
24.Kg2 a6 25.Bf2 f6 26.Qe3 f5 27.Rxc5 f4 28.gxf4 Rxc5 29.Qxc5 Qf7 30.fxe5 Ng6
31.Bg3 h4 32.Qc8+ Kh7 33.Qd7 Qxd7 34.Rxd7 hxg3 35.hxg3 Nxe5 36.Rd2 Nc6 37.Kf2 a5
38.f4 a4 39.bxa4 Na5 40.Rc2 Kg6 41.c5 Kf7 42.g4 Ke7 43.f5 Rh6 44.Kg3 Kd7
45.g5 Rh1 46.Rd2+ Kc6 47.Rd6+ Kxc5 48.Rd7 Rg1+ 49.Kh4 Rf1 50.Rf7 Nc6 51.g6 Nd4
52.Kg5 Rg1+ 53.Kf4 Rf1+ 54.Ke4 Re1+ 55.Kd3 Rd1+ 56.Kc3 Rc1+ 57.Kd2 Rf1 58.a5 Kb5
59.Rxg7 Rxf5 60.Re7 Rg5 61.g7 Nf5 62.Re5+ Ka6 63.Rxf5 Rxg7 64.Rf2 Rc7 65.Rf5 Rh7
66.Kc3 Rh3+ 67.Kb4 Rh4+ 68.Kc5 Kxa5 69.Rf3 Ka4 70.Rd3 Rh2 71.a3 Rc2+ 72.Kd5 Rc1
73.Re3 Rc8 74.Rf3 Rc7 75.Rg3 Rc8 76.Rh3 Rc7 77.Rg3 Rc8 78.Rf3 Rc7 79.Re3 Rc8
80.Rd3 Rd8+ 81.Ke4 Rxd3 82.Kxd3 Kxa3  1/2-1/2

[Event "15th HZ Open"]
[Site "Vlissingen NED"]
[Date "2011.07.30"]
[Round "1.5"]
[White "Postny,E"]
[Black "Bernshtein,Tomer"]
[Result "1-0"]
[WhiteElo "2618"]
[BlackElo "1919"]

1.d4 Nf6 2.c4 e6 3.g3 d5 4.Nf3 Be7 5.Bg2 O-O 6.Qc2 dxc4 7.Qxc4 a6 8.Qc2 Bd7
9.O-O Bc6 10.Nc3 b5 11.a3 Bb7 12.Rd1 Nbd7 13.e4 c5 14.d5 exd5 15.e5 Ne8 16.Nxd5 Bxd5
17.Rxd5 Nc7 18.Rd3 c4 19.Rd1 Ne6 20.Nd4 Nxd4 21.Rxd4 Ra7 22.Be3 Qb8 23.Be4 g6
24.e6 Nf6 25.Rd2 fxe6 26.Bxa7 Qxa7 27.Re1 Bc5 28.Bf3 Nd5 29.Bg4 Rxf2 30.Rxf2 Ne3
31.Bxe6+ Kg7 32.Qc3+ Bd4 33.Rf7+  1-0

[Event "Politiken Cup"]
[Site "Helsingor DEN"]
[Date "2011.07.31"]
[Round "2.36"]
[White "Sowray,P"]
[Black "Andersen,Ru2"]
[Result "1-0"]
[WhiteElo "2350"]
[BlackElo "2078"]

1.c4 Nf6 2.Nf3 e6 3.g3 d5 4.d4 Be7 5.Bg2 O-O 6.O-O dxc4 7.Qa4 Bd7 8.Qxc4 Bc6
9.Nc3 a6 10.b3 b5 11.Qd3 b4 12.Na4 Be4 13.Qe3 Qd5 14.Bb2 Nbd7 15.Rac1 Rac8
16.Rfd1 Rfd8 17.h3 h6 18.Ne1 Bxg2 19.Nxg2 Qf5 20.g4 Qg6 21.Qd3 Qg5 22.Qxa6 Nd5
23.Qd3 f5 24.gxf5 exf5 25.Qf3 N7f6 26.Nc5 Rd6 27.Kh1 Rf8 28.Qg3 Qh5 29.Rg1 g5
30.e3 Ne4 31.Nxe4 fxe4 32.Nf4 Nxf4 33.exf4 Kh7 34.Rxc7 Rf7 35.f5 Qe2 36.Rxe7 Rxe7
37.Qxd6 Qf3+ 38.Rg2 Qxh3+ 39.Kg1 Rg7 40.d5 Qf3 41.Rg3  1-0

[Event "Politiken Cup"]
[Site "Helsingor DEN"]
[Date "2011.07.31"]
[Round "2.101"]
[White "Hinrichs,Jan"]
[Black "Lindholm,Lars"]
[Result "1/2-1/2"]
[WhiteElo "1947"]
[BlackElo "1722"]

1.d4 Nf6 2.c4 e6 3.g3 Be7 4.Bg2 d5 5.Nf3 O-O 6.b3 Nbd7 7.O-O c5 8.e3 Rb8
9.Nc3 a6 10.cxd5 exd5 11.dxc5 Nxc5 12.Ne2 Be6 13.Ned4 Nce4 14.Bb2 Qa5 15.Qe2 Ba3
16.Nxe6 fxe6 17.Bh3 Rfe8 18.Be5 Rbd8 19.Nd4 Kf7 20.f4 g6 21.Nf3 Qb6 22.Ng5+ Kg8
23.Rac1 Bxc1 24.Rxc1 Rd7 25.Bd4 Qd6 26.Be5 Qb6 27.Bd4  1/2-1/2

[Event "Politiken Cup"]
[Site "Helsingor DEN"]
[Date "2011.07.31"]
[Round "3.32"]
[White "Zatonskih,A"]
[Black "Berni,Fa"]
[Result "1-0"]
[WhiteElo "2522"]
[BlackElo "2147"]

1.d4 Nf6 2.c4 e6 3.Nf3 d5 4.g3 Be7 5.Bg2 O-O 6.O-O c6 7.Qc2 b6 8.Rd1 Nbd7
9.b3 Bb7 10.Nc3 Rc8 11.Bb2 b5 12.c5 b4 13.Nb1 a5 14.a3 Ra8 15.Nbd2 Qc7 16.e4 Nxe4
17.Nxe4 dxe4 18.Qxe4 Nf6 19.Qe5 Qd7 20.axb4 axb4 21.Qe1 Nd5 22.Ne5 Qc7 23.Nd3 Ba6
24.Nxb4 Nxb4 25.Qxb4 Rab8 26.Qc3 Qb7 27.d5 Bf6 28.dxc6  1-0

[Event "Politiken Cup"]
[Site "Helsingor DEN"]
[Date "2011.08.01"]
[Round "4.73"]
[White "Lindgren,P"]
[Black "Justinussen,S"]
[Result "1-0"]
[WhiteElo "2145"]
[BlackElo "1944"]

1.d4 d5 2.c4 e6 3.Nf3 Nf6 4.g3 Be7 5.Bg2 O-O 6.O-O Nbd7 7.Qc2 c6 8.Nbd2 Re8
9.e4 Nf8 10.e5 N6d7 11.Re1 Ng6 12.h4 h6 13.cxd5 cxd5 14.Bf1 Nb6 15.Bd3 Nf8
16.Nf1 Bd7 17.Ne3 Rc8 18.Qe2 f5 19.exf6 Bxf6 20.Ng4 Nc4 21.Bf4 Bc6 22.b3 Nb6
23.Nfe5 Nbd7 24.Nxf6+ Nxf6 25.Nxc6 bxc6 26.Ba6 Qb6 27.Bxc8 Rxc8 28.Be5 c5
29.dxc5 Qxc5 30.Bxf6 gxf6 31.Rac1 Qxc1 32.Rxc1 Rxc1+ 33.Kg2 Rc7 34.Qg4+ Kf7
35.Qh5+ Kg7 36.Qg4+ Kf7 37.Qf4 Rc2 38.Qxh6 Rxa2 39.Qh5+ Ke7 40.Qg4 Kd6 41.Qb4+  1-0

[Event "112th US Open"]
[Site "Orlando USA"]
[Date "2011.08.01"]
[Round "4"]
[White "Moon,R"]
[Black "Bowersock,Michael"]
[Result "1-0"]
[WhiteElo "2185"]
[BlackElo "2064"]

1.d4 Nf6 2.c4 e6 3.Nf3 d5 4.g3 Be7 5.Bg2 O-O 6.O-O dxc4 7.Ne5 Nc6 8.Bxc6 bxc6
9.Nxc6 Qe8 10.Nxe7+ Qxe7 11.Qa4 e5 12.dxe5 Qxe5 13.Qxc4 Bh3 14.Re1 Rfe8 15.Nc3 Qh5
16.f3 Rad8 17.Bf4 Nd5 18.Nxd5 Qxd5 19.Qxd5 Rxd5 20.Rac1 c5 21.Kf2 Be6 22.e4 Rd7
23.Rxc5 Bxa2 24.Ra1 Be6 25.Rc7 Rxc7 26.Bxc7 Ra8 27.b4 Bc4 28.Ke3 a6 29.Rc1 Be6
30.Kd4 Kf8 31.Kc5 Ke7 32.Kb6 f5 33.Kb7  1-0

[Event "16th Creon Open"]
[Site "Creon FRA"]
[Date "2011.08.02"]
[Round "2.5"]
[White "Lazarev,V"]
[Black "Passager,JP"]
[Result "1-0"]
[WhiteElo "2445"]
[BlackElo "2212"]

1.c4 e6 2.Nf3 d5 3.g3 Nf6 4.Bg2 Be7 5.d4 O-O 6.Qc2 dxc4 7.O-O a6 8.a4 Bd7
9.Qxc4 b5 10.Qc2 Bc6 11.Bf4 Nd5 12.Ne5 Bb7 13.Bd2 Bd6 14.Nd3 Nc6 15.e3 Ncb4
16.Nxb4 Bxb4 17.Rc1 Bxd2 18.Nxd2 c6 19.Nb3 Qe7 20.Nc5 Rfc8 21.Qb3 Nf6 22.Rc2 Nd5
23.h4 Nb6 24.Rac1 Nxa4 25.Nxb7  1-0

[Event "Politiken Cup"]
[Site "Helsingor DEN"]
[Date "2011.08.03"]
[Round "6.37"]
[White "Skou,N"]
[Black "Gagliardi,Ch"]
[Result "0-1"]
[WhiteElo "2093"]
[BlackElo "2258"]

1.d4 Nf6 2.c4 e6 3.g3 d5 4.Bg2 Be7 5.Nf3 O-O 6.O-O dxc4 7.Qa4 a6 8.Qxc4 b5
9.Qc2 Bb7 10.Nc3 b4 11.Na4 Be4 12.Qc4 Bd5 13.Qc2 Nbd7 14.Rd1 Ra7 15.Bf4 Qa8
16.Rac1 Rc8 17.Nc5 Nxc5 18.dxc5 a5 19.c6 a4 20.Nd4 Bxa2 21.e4 Ra5 22.b3 axb3
23.Nxb3 Ra3 24.Nd4 Qa5 25.Qb2 Bf8 26.Nc2 Ra4 27.h3 b3 28.Na1 Ba3  0-1

[Event "Politiken Cup"]
[Site "Helsingor DEN"]
[Date "2011.08.03"]
[Round "6.70"]
[White "Lindgren,P"]
[Black "Munk,Po"]
[Result "1-0"]
[WhiteElo "2145"]
[BlackElo "1942"]

1.d4 d5 2.c4 e6 3.Nf3 Nf6 4.g3 Be7 5.Bg2 Nbd7 6.O-O c6 7.Qc2 O-O 8.Nbd2 b6
9.e4 Bb7 10.e5 Ne8 11.cxd5 cxd5 12.Re1 Rc8 13.Qb3 Qc7 14.Bf1 Qc2 15.Qe3 Nb8
16.Bd3 Qc7 17.Nf1 Ba6 18.Bb1 Nc6 19.Bd2 Qd7 20.h4 Bb4 21.Ng5 g6 22.Nh2 Bxd2
23.Qxd2 h5 24.g4 Ng7 25.Ngf3 Kh7 26.gxh5 Nxh5 27.Ng4 Rh8 28.Qh6+ Kg8 29.Qxh5 Rxh5
30.Nf6+  1-0

[Event "29th World Junior Girls"]
[Site "Chennai IND"]
[Date "2011.08.04"]
[Round "3.31"]
[White "Shetye,Si"]
[Black "Brunello,R"]
[Result "1-0"]
[WhiteElo "1890"]
[BlackElo "2036"]

1.d4 d5 2.Nf3 Nf6 3.c4 e6 4.g3 Be7 5.Bg2 O-O 6.O-O dxc4 7.Qc2 a6 8.a4 Bd7
9.Rd1 Bc6 10.Nc3 a5 11.e4 Na6 12.Ne5 Nd7 13.Nxc4 b6 14.d5 Bb7 15.dxe6 fxe6
16.Bh3 Nac5 17.Ne5 Bd6 18.Nc4 Qe7 19.Bg2 Be5 20.Nxe5 Nxe5 21.f4 Nc6 22.Be3 Nb4
23.Bxc5 Qxc5+ 24.Qf2 Qc4 25.Bf1 Qb3 26.Rdc1 Na6 27.Nb5 c6 28.Nd6 Nc5 29.Ra3 Qb4
30.Rc4 Nxe4 31.Nxe4 Qe7 32.Qxb6 e5 33.Qc5 Qd7 34.Qxe5 Rfe8 35.Qg5 Kh8 36.Nc5 Qc7
37.Nxb7 Qxb7 38.Rac3 Rad8 39.Rxc6 Rd1 40.Rc1 Rd2 41.R6c2 Rxc2 42.Rxc2 h6
43.Qc5 Qf3 44.Qc6 Qe3+ 45.Kg2 Rd8 46.Re2  1-0

[Event "50th World Juniors"]
[Site "Chennai IND"]
[Date "2011.08.04"]
[Round "3.61"]
[White "Mastalerz,X"]
[Black "Arun,J"]
[Result "1-0"]
[WhiteElo "2129"]
[BlackElo "2018"]

1.d4 Nf6 2.c4 e6 3.g3 d5 4.Nf3 Be7 5.Bg2 O-O 6.O-O dxc4 7.Qc2 a6 8.Qxc4 b5
9.Qc2 Bb7 10.Bd2 Be4 11.Qc1 Bb7 12.Qc2 Be4 13.Qc1 Nbd7 14.Ba5 Ra7 15.Nbd2 Bd5
16.Qc2 Qa8 17.Nb3 b4 18.Rfc1 Rc8 19.Ne1 Bxg2 20.Nxg2 Rb7 21.Qc6 Nb8 22.Qc4 Rb5
23.Nf4 Qe4 24.Qd3 Qb7 25.Qc4 Qe4  1-0

[Event "Politiken Cup"]
[Site "Helsingor DEN"]
[Date "2011.08.04"]
[Round "7.7"]
[White "Danielsen,Hen"]
[Black "Hess,Ro"]
[Result "1/2-1/2"]
[WhiteElo "2535"]
[BlackElo "2609"]

1.d4 Nf6 2.Nf3 e6 3.g3 d5 4.Bg2 Be7 5.c4 O-O 6.O-O dxc4 7.Qc2 a6 8.Qxc4 b5
9.Qc2 Bb7 10.Bd2 Be4 11.Qc1 Bb7 12.Qc2 Be4 13.Qc1 Bb7 14.Qc2  1/2-1/2

[Event "15th HZ Open"]
[Site "Vlissingen NED"]
[Date "2011.08.05"]
[Round "8"]
[White "Haak,E"]
[Black "Hogerhorst,Tony"]
[Result "1/2-1/2"]
[WhiteElo "2123"]
[BlackElo "1914"]

1.d4 d5 2.c4 e6 3.Nf3 Nf6 4.g3 Be7 5.Bg2 O-O 6.O-O c5 7.cxd5 exd5 8.Nc3 Nc6
9.Bg5 Be6 10.dxc5 Bxc5 11.Rc1 Be7 12.Qd3 Rc8 13.Rfd1 Nb4 14.Qb1 h6 15.Bxf6 Bxf6
16.a3 Nc6 17.e3 Rc7 18.Nb5 Rd7 19.Nbd4 Nxd4 20.Nxd4 Bxd4 21.Rxd4 Qe7 22.Qd3 Rfd8
23.Rd1 Qc5 24.b4 Qc6 25.Qd2 b6 26.Rc1 Qb7 27.a4 f5 28.Qc3 Kf7 29.Bf1 Rd6
30.Qc7+ Qxc7 31.Rxc7+ R8d7 32.Rc3 Rd8 33.Ba6 Ke7 34.Kf1 Bd7 35.Rc7 Kf6 36.b5 Ra8
37.Bb7 Rd8 38.Ke2 Be6 39.Bc6 Bd7 40.Bxd5 Bxb5+ 41.axb5 Rxd5 42.Rxa7 Rxd4
43.exd4 Rxd4 44.Rb7 Rd6 45.f4 h5 46.Ke3 g6 47.Rc7 Ke6 48.Rc4 Rd5 49.Rc6+ Rd6
50.Rxd6+  1/2-1/2

[Event "50th World Juniors"]
[Site "Chennai IND"]
[Date "2011.08.06"]
[Round "5.51"]
[White "Gagare,Shar"]
[Black "Hercules,B"]
[Result "1-0"]
[WhiteElo "2223"]
[BlackElo "2089"]

1.c4 Nf6 2.g3 e6 3.Nf3 d5 4.d4 Be7 5.Bg2 O-O 6.O-O dxc4 7.Qc2 a6 8.a4 Bd7
9.Qxc4 Bc6 10.Bf4 Nd5 11.Nc3 Nxf4 12.gxf4 Bd6 13.e3 Qe7 14.Qb3 a5 15.Ne5 Bxg2
16.Kxg2 Na6 17.Qxb7 Bxe5 18.fxe5 Rfb8 19.Qf3 Qb4 20.Rab1 Qb7 21.Rfc1 Qxf3+
22.Kxf3 Rb4 23.b3 c6 24.Ne4 Rb6 25.Nd6 Nb4 26.h4 Kf8 27.h5 h6 28.e4 Rab8
29.Nc4 Ra6 30.Ke3 Na2 31.Rc2 Nb4 32.Rd2 Ra7 33.f4 Rba8 34.Rg2 Rd8 35.Rbg1 c5
36.dxc5 Rd3+ 37.Ke2 Rad7 38.Nd6 Rxb3 39.Rxg7 Rb2+ 40.Ke3 Rb3+ 41.Kd2 Rd3+
42.Ke2  1-0

[Event "50th World Juniors"]
[Site "Chennai IND"]
[Date "2011.08.06"]
[Round "5.44"]
[White "Navalgund,N"]
[Black "Hemant,S2"]
[Result "1/2-1/2"]
[WhiteElo "2188"]
[BlackElo "2247"]

1.d4 d5 2.Nf3 Nf6 3.c4 e6 4.g3 Be7 5.Bg2 O-O 6.O-O c6 7.Qc2 Nbd7 8.Nbd2 b6
9.e4 Ba6 10.b3 Rc8 11.Bb2 c5 12.exd5 exd5 13.Qf5 Re8 14.Rfd1 g6 15.Qh3 dxc4
16.Nxc4 Bxc4 17.bxc4 cxd4 18.Bxd4 Qc7 19.Ng5 h5 20.Rac1 Bc5 21.Bd5 Nxd5 22.Bxc5 Nxc5
23.Rxd5 Rcd8 24.Rcd1 Qe7 25.Qh4 Rxd5 26.cxd5 Qf6 27.Qf4 Qxf4 28.gxf4 f6 29.Nf3 Rd8
30.Rd4 Kf8 31.Kg2 b5 32.Kg3 a5 33.f5 g5 34.Nd2 Re8 35.d6 Nd7 36.Rd5 Re5 37.Rxe5 Nxe5
38.f4 h4+ 39.Kh3 gxf4 40.Kxh4 b4 41.Kh3 a4 42.Kg2 Ke8 43.h4 Kd7 44.Ne4 a3
45.h5 Kc6 46.h6 f3+ 47.Kg3 b3 48.d7 Kc7 49.h7 Nf7 50.Nd6 Nh8 51.Nb7 Kxd7
52.Nc5+ Kd6 53.Nxb3 Ke5 54.Kxf3 Kxf5 55.Nd4+ Kg6 56.Nc2 Kxh7 57.Nxa3 Kg7
58.Nc4 Kf7 59.a4 Ke7 60.Ke4 Kd7 61.Kd5 Kc7 62.Kc5 Nf7 63.a5 Ne5 64.Ne3 Kb7
65.Kb5 Nc6 66.a6+ Ka7 67.Kxc6 Kxa6 68.Kd6 Ka7 69.Ke6 Ka8 70.Kxf6  1/2-1/2

[Event "Politiken Cup"]
[Site "Helsingor DEN"]
[Date "2011.08.06"]
[Round "9.67"]
[White "Sturt,R"]
[Black "Andersen,Troels Baekgaard"]
[Result "1-0"]
[WhiteElo "2231"]
[BlackElo "1620"]

1.d4 Nf6 2.c4 e6 3.Nf3 d5 4.g3 Be7 5.Bg2 O-O 6.O-O c6 7.Qc2 Nbd7 8.Nbd2 b6
9.b3 Bb7 10.Bb2 Rc8 11.Rac1 Qc7 12.cxd5 exd5 13.Ne5 Qb8 14.e4 Nxe5 15.dxe5 Nxe4
16.Nxe4 dxe4 17.Qxe4 Rc7 18.e6 c5 19.Qg4 f6 20.Bxb7 Qxb7 21.Rcd1 Rd8 22.Bc1 Rcc8
23.Rd7 Rc7 24.Bh6 g6 25.Rxd8+ Bxd8 26.Rd1 Be7 27.Bf4  1-0

[Event "Olomouc FIDE Open"]
[Site "Olomouc CZE"]
[Date "2011.08.06"]
[Round "3.3"]
[White "Rey,Fa"]
[Black "Johansson,Ja SWE"]
[Result "1/2-1/2"]
[WhiteElo "2116"]
[BlackElo "2397"]

1.d4 Nf6 2.c4 e6 3.g3 d5 4.Nf3 Be7 5.Bg2 O-O 6.O-O dxc4 7.Ne5 Nc6 8.Bxc6 bxc6
9.Nxc6 Qe8 10.Nxe7+ Qxe7 11.Qa4 e5 12.dxe5 Qxe5 13.Nc3 Be6 14.Qc6 Rab8 15.Rd1 Rb6
16.Qg2 c6 17.Bf4 Qh5 18.Bd6 Re8 19.Rd2 Nd5 20.Rad1 h6 21.Qe4 Rxb2 22.Nxd5 cxd5
23.Qd4 Rb6 24.Bc5 Ra6 25.Rb1 Rc8 26.Bb4 Qg6 27.Rbb2 c3 28.Bxc3 Rac6 29.Rb3 Rc4
30.Qe5 Re4 31.Qd6 d4 32.Bb2 Bxb3 33.Qxg6 fxg6 34.axb3 Rb8 35.Bxd4 a6 36.f3 Re7
37.Bc5 Rc7 38.b4 Rb5 39.Bd6 Rd7 40.e4 Kf7 41.f4 Ke6 42.e5 g5 43.Ra2 Rb6 44.fxg5 hxg5
45.Rc2 Rf7 46.Kg2 g4 47.Rc4 a5 48.Rxg4 a4 49.b5 Rxb5 50.Rxa4 Rb2+ 51.Kh3 Rff2
52.Ra7 Rxh2+ 53.Kg4 Rh7 54.Kg5 Rf2  1/2-1/2

[Event "Ceska Cup IM2"]
[Site "Olomouc CZE"]
[Date "2011.08.06"]
[Round "4"]
[White "Balacek,T"]
[Black "Michalczak,T"]
[Result "1-0"]
[WhiteElo "2251"]
[BlackElo "2325"]

1.d4 d5 2.Nf3 Nf6 3.c4 e6 4.g3 Be7 5.Bg2 O-O 6.O-O c6 7.b3 b6 8.Bb2 Bb7 9.Nc3 Nbd7
10.Qd3 c5 11.cxd5 Nxd5 12.Nxd5 Bxd5 13.e4 Bb7 14.d5 exd5 15.exd5 Bf6 16.Bxf6 Qxf6
17.Rad1 Rfe8 18.Nd2 Ne5 19.Qc3 Rad8 20.Ne4 Qf5 21.f4 Ng6 22.Nf2 Re2 23.a4 Rc2
24.Qe3 Qc8 25.f5 Qxf5 26.Be4 Qe5 27.Ng4 Qh5 28.Bxc2 Qxg4 29.Bf5 Qh5 30.d6 f6
31.Qe6+ Kh8 32.Bxg6 hxg6 33.Qe7 Rb8 34.d7  1-0